Федор Богородский: воспоминания, статьи, выступления, письма

Bibliografiske detaljer
Andre forfattere: Разумовская С. В. (составитель)
Sprog:russisk
Udgivet: Ленинград, Художник РСФСР, 1987
Fag:
Format: MixedMaterials Bog
KOHA link:https://koha.lib.tpu.ru/cgi-bin/koha/opac-detail.pl?biblionumber=260242

MARC

LEADER 00000nam0a2200000 4500
001 260242
005 20231101233448.0
035 |a (RuTPU)RU\TPU\book\283190 
090 |a 260242 
100 |a 20140514d1987 m y0rusy50 ca 
101 0 |a rus 
102 |a RU 
105 |a c z 001zb 
200 1 |a Федор Богородский  |e воспоминания, статьи, выступления, письма  |f сост. С. В. Разумовская 
210 |a Ленинград  |c Художник РСФСР  |d 1987 
215 |a 544 с.  |c ил. 
320 |a Библиогр.: с. 479-485. 
320 |a Основные даты жизни и творчества: с. 487-499. 
320 |a Литература о жизни и трудах: с. 500-513. 
320 |a Именной указатель: с. 520-537. 
320 |a Список иллюстраций: с. 538-541. 
600 1 |a Богородский  |b Ф. С.  |c художник  |f 1895-1959  |g Федор Семенович  |2 stltpush  |3 (RuTPU)RU\TPU\pers\32632  |9 16544 
606 1 |a Живописцы  |2 stltpush  |3 (RuTPU)RU\TPU\subj\10834  |9 37852 
610 1 |a жизнь 
610 1 |a творчество 
610 1 |a биографии 
610 1 |a искусство 
610 1 |a общественная деятельность 
610 1 |a персоналии 
675 |a 75.071(092)  |v 3 
702 1 |a Разумовская  |b С. В.  |4 220 
801 1 |a RU  |b 63413507  |c 20140514 
801 2 |a RU  |b 63413507  |c 20140911  |g RCR 
942 |c BK